La Gestió del President de la Generalitat de Catalunya al front de la Diputació de Barcelona : 24 d'octubre de 1977 - 23 d'abril de 1979 24 d'octubre de 1977 - 23 d'abril de 1979
Descripción Física:
XVI, 280 p. : il., [6] map. pleg. ; 23 cm
MARC
| LEADER | 00000nam a2200000Ia 4500 | ||
|---|---|---|---|
| 001 | 1776 | ||
| 008 | 160829s1980 xx 000 0 cat d | ||
| 080 | |a M-2-126 | ||
| 110 | 1 | |9 54007 |a Catalunya. |b President (1977-1980 : Tarradellas) | |
| 245 | |a La Gestió del President de la Generalitat de Catalunya al front de la Diputació de Barcelona : |b 24 d'octubre de 1977 - 23 d'abril de 1979 | ||
| 260 | |a Barcelona : |b Diputació de Barcelona, |c 1980 | ||
| 300 | |a XVI, 280 p. : |b il., [6] map. pleg. ; |c 23 cm | ||
| 650 | |a Barcelona. Diputació |x Història |x 1977/1979 |9 20826 | ||
| 901 | |a Arxiu | ||
| 942 | |n 1 |2 udc | ||
| 952 | |0 0 |1 0 |4 0 |6 M2126 |7 1 |9 41700 |a Arxiu |b Arxiu |d 2016-12-01 |l 0 |o M-2-126 |p 1776 |r 2016-12-01 00:00:00 |w 2016-12-01 |y ARXIU | ||
| 999 | |c 43590 |d 43590 | ||